Statistics for Tennis: Grand slam winners of the past 10 years (Men edition)

Click here to take the quiz!

General Stats

  • This quiz has been taken 127 times
    (45 since last reset)
  • The average score is 8 of 9

Answer Stats

Answer% Correct
Djokovic (SRB)
100%
Federer (SUI)
100%
Nadal (ESP)
100%
Murray (GBR)
96%
Medvedev (RUS)
91%
Wawrinka (SUI)
91%
Alcaraz (ESP)
89%
Thiem (AUT)
84%
Čilić (CRO)
78%

Score Distribution

Percentile by Number Answered

Percent of People with Each Score

Your Score History

You have not taken this quiz since the last reset